| 000 | 01379cam a22003497a 4500 | ||
|---|---|---|---|
| 003 | CHAP | ||
| 005 | 20220329142355.0 | ||
| 008 | 001013d1999 mx rs o00110 spa d | ||
| 010 | _a82560 | ||
| 011 | _a83532 | ||
| 020 | _a9701327306 | ||
| 035 | _a94045 | ||
| 040 | _cCHAP | ||
| 082 |
_a312.0972 _bI59 Gro. 1997 |
||
| 110 | 2 |
_aInstituto Nacional de Estadística, Geografía e Informática. México _959304 |
|
| 245 | 0 |
_aEncuesta nacional de la dinámica demográfica 1997 _b: Guerrero _cpor Instituto Nacional de Estadística, Geografía e Informática. |
|
| 260 |
_aAguascalientes, Ags : _bInstituto Nacional de Estadística, Geografía e Informática, _cc.1999- |
||
| 300 |
_av. : _bgráfs., cuadros. |
||
| 500 | _aLa biblioteca tiene : v.1 Panorama sociodemográfico | ||
| 590 |
_aBATCH-UPD _b10 _c20130110 _lUCH01 _h0015 |
||
| 590 |
_aBATCH-UPD _b10 _c20130110 _lUCH01 _h2321 |
||
| 590 |
_aBATCH-UPD _b10 _c20130410 _lUCH01 _h1612 |
||
| 590 |
_aBATCH-UPD _b10 _c20130914 _lUCH01 _h1555 |
||
| 590 |
_aCONVERSION _b10 _c20130109 _lUCH01 _h1346 |
||
| 650 | 1 | 4 |
_aGuerrero _xCondiciones sociales. _951181 |
| 650 | 1 | 4 |
_aPoblación _xEstadísticas _zGuerrero. _989381 |
| 650 | 1 | 4 |
_aPoblación _zGuerrero. _989423 |
| 901 | _aBK | ||
| 905 | _aPatricia Mendoza P. | ||
| 942 | _cLIBRO | ||
| 949 |
_a312.0972 I59 Gro. 1997 _bBC _cINEGI _d33724000805438 _eINEGI _fv.1 _h98736 _i94045 _kDonaciØn _sb |
||
| 999 |
_c82560 _d82560 |
||